Top 30 : The Beatles - Statistiques

Statistiques générales
  • Ce quiz a été pris 116 fois
  • Le résultat moyen est 12 sur 30
Statistiques - réponses
Top Titres % Correct
3 Let It Be
88%
5 Hey Jude
81%
4 Yesterday
80%
11 Help!
74%
1 Here Comes The Sun
71%
2 Come Together
66%
10 Something
52%
19 Strawberry Fields Forever
52%
12 Eleanor Rigby
48%
6 Twist And Shout
47%
7 Blackbird
45%
16 Love Me Do
45%
21 All You Need Is Love
42%
20 Lucy In The Sky With Diamonds
38%
17 A Hard Day's Night
37%
13 While My Guitar Gently Weeps
37%
28 She Loves You
33%
22 Get Back
31%
9 I Want To Hold Your Hand
31%
24 Don't Let Me Down
30%
8 In My Life
28%
15 And I Love Her
26%
29 Ticket To Ride
25%
14 Ob-La-Di, Ob-La-Da
21%
27 Can't Buy Me Love
19%
26 Day Tripper
19%
23 All My Loving
17%
18 Norwegian Wood (This Bird Has Flown)
12%
25 I Saw Her Standing There
11%
30 With A Little Help From My Friends
10%
Aucun quiz correspondant
Distribution des résultats
% des personnes avec chaque résultat
Percentile par nombre de réponses
Votre historique - résultats
Vous n’avez pas pris ce quiz